| 000 | 01612cam a2200241 4500 | ||
|---|---|---|---|
| 001 | ABS66121 | ||
| 008 | 021203n2002 000 0 eng u | ||
| 035 | _a(Sirsi) u120644 | ||
| 245 | _aCity Edinburgh Council v Scottish Ministers | ||
| 260 | _c2002 | ||
| 490 |
_aEstates Gazette _v[2002] 46 EG 196 (CS) |
||
| 520 | _aCSOH 17 September 2002. Local planning authority (C) issued a listed building enforcement notice in respect of a B listed two storey terraced town house. The notice complained of the construction without listed building consent of an en suite bathroom. Owner of the property appealed to repondants (S) under Planning (Listed Buildings and Conservation Areas) (Scotland) Act 1997 s35.The reporter found that the integrity of the building had not been compromised sufficiently to justify a requirement for the immediate removal of the walls. C appealed and they argued that the reporter had erred in law by failing to have regard to the character of a listed building. The appeal was allowed as the reporter had addressed a different question and failed to consider whether it would have been proper to grant consent had an application been presented in advance of the works being carried out. | ||
| 590 | _aABS | ||
| 650 | _aEDINBURGH CITY COUNCIL V SCOTTISH MINISTERS | ||
| 650 | _aTOWN AND COUNTRY PLANNING | ||
| 650 | _aLISTED BUILDING | ||
| 650 | _aENFORCEMENT NOTICE | ||
| 650 | _aPLANNING (LISTED BUILDINGS AND CONSERVATION AREAS) (SCOTLAND) ACT 1997 | ||
| 650 | _aBUILDING CONSENTS | ||
| 650 | _aSCOTLAND | ||
| 690 | _aBUILT ENVIRONMENT-BUILDING STANDARDS | ||
| 942 | _n0 | ||
| 999 |
_c71693 _d71693 |
||